Principles of Electronic Communication Systems/ (Record no. 167026)

MARC details
000 -LEADER
fixed length control field 00641nam a22001817a 4500
010 ## - LCCN (DPL NO)
LC control number ENG-126226
020 ## - INTERNATIONAL STANDARD BOOK NUMBER
International Standard Book Number 978-93-5316-680-9
Terms of availability 875.00
035 ## - SYSTEM CONTROL NUMBER
System control number EN-109758
037 ## - SOURCE OF ACQUISITION
Source of stock number/acquisition DBAD/PUB
082 ## - DEWEY DECIMAL CLASSIFICATION NUMBER
Classification number 621.38
100 ## - MAIN ENTRY--PERSONAL NAME
Personal name Frenzel,Louis E.
245 ## - TITLE STATEMENT
Title Principles of Electronic Communication Systems/
Statement of responsibility, etc by Louis E. Frenzel
260 ## - PUBLICATION, DISTRIBUTION, ETC. (IMPRINT)
Place of publication, distribution, etc Tamilnadu
Name of publisher, distributor, etc McGraw hill Education (India) Private Limited
Date of publication, distribution, etc 2019
270 ## - ADDRESS
Address 444/1,Sri Ekambar Naicker industrial Estate,Alapakkam,Porur,
City Chennai
Postal code 600116
300 ## - PHYSICAL DESCRIPTION
Extent vii930p.
Other physical details 26cm(pbk)
Dimensions ill
500 ## - GENERAL NOTE
General note it Includes index and Bibliography
942 ## - ADDED ENTRY ELEMENTS (KOHA)
Source of classification or shelving scheme Dewey Decimal Classification
Item type English Books
Classification part 621.38
Call number suffix FRE
Holdings
Withdrawn status Lost status Not for loan Collection code Home library Current library Date acquired Source of acquisition Cost, normal purchase price Full call number Barcode Copy number Cost, replacement price Koha item type
      Non-fiction Andrews Gunj Andrews Gunj 20/08/2019 DBAD/PUB 875.00 621.38 FRE EN-109758 1 875.00 English Books

© Delhi Public Library
Hit Counter
free hit counter